000
00304nam a2200121Ia 4500
008
220204s9999 xx 000 0 und d
082
_a
820 MACH
_b
MAC
100
_a
Hobbes, Thomas
245
0
_a
Prince: Leviathan
260
_a
Chicago
_b
William Benton
_c
1952
700
_a
Machiavelli, Nicdo
942
_c
BK
999
_c
36150
_d
36150